00886nam a2200205Ia 4500008004100000040003800041041000800079084000900087100003200096245011200128260002900240300002800269336002900297337003300326338002800359502010300387942005400490999001500544952012100559250911t1984||||xx |||||||||||||| ||spa|| agtgcuscobspacgtgcuscodgtgcusco aspa aT790 aAlbures, Ana María915706 0aPrevalencia de aftas orales recurrentes y herpes labial recurrente en una muestra poblacional guatemalteca. aGuatemala :bUSAC,c1984 a106 p. :bil. :c27 cm. atextobtxt2rdacontenido aSin mediaciónbn2rdamedio avolumenbnc2rdasoporte aTesis (Cirujano Dentista) -- Universidad de San Carlos de Guatemala, Facultad de Odontología. -- aBiblioteca Facultad de OdontologíacTESISkT790 c6968d6968 00104070aODONTObODONTOcTesisd2025-09-11i10-H-s.n.l0oT790pT00000854r2025-09-11 08:06:11w2025-09-11yTESIS